000 01556cam a2200205 a 4500
001 14758795
005 20170919110249.0
008 070306s2007 nyua b 001 0deng
020 _a0743291476
020 _a9780743291477
040 _cPK-LaUMT
082 0 0 _a220
_222
_bJAC-Y
100 1 _aJacobs, A. J.
245 1 4 _aThe year of living biblically :
_bone man's humble quest to follow the Bible as literally as possible /
_cA.J. Jacobs
260 _aNew York :
_bSimon & Schuster,
_c2007
300 _a388 p. :
_bill. ;
_c25 cm.
520 _aRaised in a secular family but interested in the relevance of faith in our modern world, A.J. Jacobs decides to attempt to obey the Bible as literally as possible for one full year. He vows to follow the Ten Commandments. To be fruitful and multiply. To love his neighbor. But also to obey the hundreds of less publicized rules: to avoid wearing clothes made of mixed fibers; to stone adulterers. The resulting spiritual journey is at once funny and profound, reverent and irreverent, personal and universal and will make you see history's most influential book with new eyes. Jacobs embeds himself in a cross-section of communities that take the Bible literally: he tours a creationist museum and sings hymns with Amish; he dances with Hasidic Jews and does Scripture study with Jehovah's Witnesses. He wrestles with seemingly archaic rules that baffle the 21st-century brain, and he discovers ancient wisdom of startling relevance.--From publisher description.
650 0 _aChristian life.
942 _cBK
999 _c98261
_d98261